লোডিং...

Hiring and keeping the best people

গ্রন্থ-পঞ্জীর বিবরন
বিন্যাস: Printed Book
ভাষা:English
প্রকাশিত: US Harvard business school publishing corporation 2002
মালা:Harvard business essentials
বিষয়গুলি:
LEADER 00682nam a22002057a 4500
005 20151026133432.0
008 150413b xxu||||| |||| 00| 0 eng d
020 |a 9781578518753 
080 |a 658.38  |b HIR 
245 |a Hiring and keeping the best people 
260 |a US  |b Harvard business school publishing corporation  |c 2002 
300 |a xiv, 170p. 
490 |a Harvard business essentials 
653 |a Employee - Recruiting 
653 |a Employee - Selection 
653 |a Employee - Retention 
653 |a Employee - motivation 
942 |c BK  |6 _ 
999 |c 71109  |d 71109 
952 |0 0  |1 0  |2 udc  |4 0  |6 65838_HIR  |7 0  |9 83083  |a UL  |b UL  |d 2015-04-13  |o 658.38 HIR  |p G0009937  |r 2015-04-13  |w 2015-04-13  |y BK